| 000 | 00369nam a2200157Ia 4500 | ||
|---|---|---|---|
| 008 | 230524s9999 xx 000 0 und d | ||
| 082 |
_a621.38 _bPAB |
||
| 100 | _aA S Pabla | ||
| 245 | 0 | _aElectric Power Distribution | |
| 250 | _a5TH | ||
| 260 |
_aNEW DELHI _bTMH _c2006 |
||
| 300 | _aXXI;873 | ||
| 500 | _aQuantity Number: 2 | ||
| 650 | _aElectrical | ||
| 942 | _cBK | ||
| 999 |
_c37026 _d37026 |
||